[Event "RUS Cup tt (Women)"]
[Site "Sochi"]
[Date "2023.11.28"]
[Round "2.4"]
[White "Pak, Polina"]
[Black "Sazonova, Elena"]
[Result "1-0"]
[WhiteElo "1857"]
[BlackElo "2088"]
[PlyCount "123"]
[EventDate "2023.11.27"]
[EventType "team-tourn"]
[EventRounds "7"]
[EventCountry "RUS"]
[SourceTitle "CB49_2023"]
[SourceDate "2023.12.06"]
[SourceVersion "1"]
[SourceVersionDate "2023.12.06"]
[SourceQuality "1"]
[WhiteTeam "Sakha Qkutiya (W)"]
[BlackTeam "Rossia Veterany (W)"]
[WhiteTeamCountry "RUS"]
[BlackTeamCountry "RUS"]

1. d4 Nf6 2. c4 g6 3. Nc3 d5 4. Nf3 Bg7 5. h4 h5 6. Bg5 c6 7. cxd5 cxd5 8. e3 0-0 9. Qb3 e6 10. Be2 Nc6 11. 0-0 Bd7 12. Ne5 Qc8 13. Rfc1 Nh7 14. Nxc6 Bxc6 15. Bf4 Qd8 16. Bb5 Qxh4 17. Bxc6 bxc6 18. Na4 Qg4 19. Rxc6 h4 20. Qd1 Qxd1+ 21. Rxd1 Rfc8 22. Rdc1 Rxc6 23. Rxc6 Bf8 24. Nc5 g5 25. Be5 Be7 26. b4 Nf8 27. a4 Ng6 28. Bd6 Bd8 29. Nd3 g4 30. Ne5 Ne7 31. Bxe7 Bxe7 32. b5 g3 33. fxg3 hxg3 34. Kf1 Kf8 35. Ke2 Ke8 36. Kf3 Bd8 37. Kxg3 Rb8 38. Kf4 Bb6 39. g4 Ke7 40. g5 Rh8 41. Rc1 Rh2 42. a5 Bd8 43. Nc6+ Kd7 44. Nxd8 Kxd8 45. b6 axb6 46. axb6 Rb2 47. Rc7 Rxb6 48. Rxf7 Ke8 49. Rh7 Rb1 50. Ke5 Re1 51. Kxe6 Rxe3+ 52. Kxd5 Rg3 53. Ke6 Re3+ 54. Kd6 Rg3 55. Rg7 Kf8 56. Rg6 Kf7 57. Rf6+ Kg7 58. Rf5 Rg1 59. d5 Ra1 60. Ke6 Kg6 61. Re5 Kg7 62. d6 1-0

[Event "Chigorin Memorial 29th"]
[Site "St Petersburg"]
[Date "2022.10.23"]
[Round "2"]
[White "Buyanov, Gleb"]
[Black "Sazonova, Elena"]
[Result "1-0"]
[WhiteElo "1397"]
[BlackElo "2120"]
[PlyCount "75"]
[EventDate "2022.10.22"]
[EventType "swiss"]
[EventRounds "9"]
[EventCountry "RUS"]
[SourceTitle "EXT 2024"]
[Source "ChessBase"]
[SourceDate "2023.10.10"]
[SourceVersion "1"]
[SourceVersionDate "2023.10.10"]
[SourceQuality "1"]

1. e4 c5 2. Nf3 d6 3. d4 cxd4 4. Nxd4 Nf6 5. Nc3 a6 6. Bg5 Nbd7 7. Qe2 h6 8. Bh4 Qb6 9. 0-0-0 g5 10. Bg3 h5 11. f3 Ne5 12. Bxe5 dxe5 13. Ndb5 axb5 14. Qxb5+ Qxb5 15. Nxb5 e6 16. Nc7+ Ke7 17. Nxa8 Bd7 18. Nb6 Bh6 19. Nxd7 Nxd7 20. Bb5 Nb8 21. c4 g4+ 22. Kc2 gxf3 23. gxf3 Be3 24. Rd3 Bc5 25. Rhd1 Rg8 26. a3 h4 27. b4 Bd4 28. f4 Rg4 29. Rf1 Rg2+ 30. Rd2 h3 31. Rf3 exf4 32. Rxh3 Rxd2+ 33. Kxd2 Nd7 34. Bxd7 Kxd7 35. Rf3 e5 36. Kd3 Ke6 37. Rxf4 Bb2 38. Rf1 1-0

[Event "St Petersburg-ch Seniors Blitz (Women)"]
[Site "St Petersburg"]
[Date "2022.10.05"]
[Round "1"]
[White "Vasiukova, Ekaterina"]
[Black "Sazonova, Elena"]
[Result "0-1"]
[WhiteElo "1692"]
[BlackElo "2020"]
[PlyCount "70"]
[EventDate "2022.10.05"]
[EventType "swiss (blitz)"]
[EventRounds "11"]
[EventCountry "RUS"]
[SourceTitle "CBM 210 Extra"]
[Source "ChessBase"]
[SourceDate "2022.11.30"]
[SourceVersion "1"]
[SourceVersionDate "2022.11.30"]
[SourceQuality "1"]

1. d4 Nf6 2. Bf4 g6 3. e3 Bg7 4. h3 0-0 5. Nf3 c5 6. c3 cxd4 7. exd4 d6 8. Nbd2 Nc6 9. Be2 e5 10. dxe5 Nd5 11. Bg3 dxe5 12. 0-0 h6 13. Re1 Re8 14. Bc4 Nb6 15. Bb3 Bf5 16. Ne4 Qe7 17. Nd6 Rad8 18. Nxf5 gxf5 19. Qe2 e4 20. Bh4 Bf6 21. Bxf6 Qxf6 22. Nd2 Ne5 23. Nf1 Qg5 24. Nh2 Nd3 25. Red1 Nf4 26. Qf1 Nxh3+ 27. Kh1 Nf4 28. c4 Nd3 29. Rab1 Nd7 30. Ba4 Re7 31. b3 N7c5 32. Qe2 Nxa4 33. bxa4 Red7 34. Rb3 Nf4 35. Rxd7 Qxg2# 0-1

[Event "St Petersburg-ch Seniors (Women)"]
[Site "St Petersburg"]
[Date "2022.10.02"]
[Round "9"]
[White "Sazonova, Elena"]
[Black "Khropova, Larisa"]
[Result "1-0"]
[WhiteElo "2120"]
[BlackElo "2031"]
[PlyCount "81"]
[EventDate "2022.09.24"]
[EventType "swiss"]
[EventRounds "9"]
[EventCountry "RUS"]
[SourceTitle "CBM 210 Extra"]
[Source "ChessBase"]
[SourceDate "2022.11.30"]
[SourceVersion "1"]
[SourceVersionDate "2022.11.30"]
[SourceQuality "1"]

1. e4 c6 2. d4 d5 3. Nc3 dxe4 4. Nxe4 Bf5 5. Nc5 b6 6. Nb3 e6 7. g4 Be4 8. Nf3 Bd6 9. Nbd2 Bg6 10. Nc4 Bc7 11. Bg2 Ne7 12. Nfe5 f6 13. Nxg6 hxg6 14. h4 Nd7 15. Be3 b5 16. Nd2 Nb6 17. Qe2 Nbd5 18. 0-0-0 Kf7 19. Kb1 a5 20. h5 g5 21. Ne4 Bf4 22. Nc5 Qc8 23. Be4 a4 24. Bg6+ Kg8 25. a3 b4 26. Qd3 bxa3 27. Qxa3 Bd6 28. Bd2 Nf4 29. Be4 Ned5 30. Rhe1 Kf7 31. c4 Nb6 32. Rc1 Nd7 33. Bb4 Bxc5 34. Bxc5 Qa6 35. Bd6 Ra7 36. Bxf4 gxf4 37. Bg6+ Kg8 38. Rxe6 Ra8 39. Qe7 Rf8 40. Qxd7 a3 41. Qxc6 1-0

[Event "RUS-chT (Women)"]
[Site "Sochi"]
[Date "2022.05.01"]
[Round "1.2"]
[White "Sazonova, Elena"]
[Black "Garifullina, Leya"]
[Result "0-1"]
[WhiteElo "2102"]
[BlackElo "2402"]
[PlyCount "104"]
[EventDate "2022.05.01"]
[EventType "team-tourn"]
[EventRounds "9"]
[EventCountry "RUS"]
[SourceTitle "CBM 208 Extra"]
[Source "ChessBase"]
[SourceDate "2022.07.31"]
[SourceVersion "1"]
[SourceVersionDate "2022.07.31"]
[SourceQuality "1"]
[WhiteTeam "Bukavushki Samara (W)"]
[BlackTeam "Yugra (W)"]
[WhiteTeamCountry "RUS"]
[BlackTeamCountry "ZAR"]

1. e4 c5 2. Nf3 d6 3. d4 cxd4 4. Nxd4 Nf6 5. Nc3 a6 6. Be3 e5 7. Nb3 Be6 8. f3 h5 9. Nd5 Bxd5 10. exd5 Nbd7 11. Qd2 g6 12. Be2 Bg7 13. Rc1 0-0 14. 0-0 b6 15. c4 a5 16. Na1 e4 17. f4 Ng4 18. Bd4 f5 19. Bxg7 Kxg7 20. Nc2 Nc5 21. h3 Nf6 22. Qe3 h4 23. Nd4 Re8 24. b3 Nfd7 25. a3 Nf8 26. Nb5 Kg8 27. Nd4 Qf6 28. Rb1 Kg7 29. Rfd1 Kg8 30. Rf1 Re7 31. Nc6 Rg7 32. Qd4 Kf7 33. Qxf6+ Kxf6 34. Nd4 Re7 35. b4 axb4 36. axb4 Nd3 37. Rb3 Ra2 38. Bxd3 exd3 39. Rxd3 Rb2 40. b5 Re4 41. Rfd1 Nd7 42. Rf3 Nc5 43. Ne6 Rxc4 44. Nd4 Rbb4 45. Ne2 Rxb5 46. Re3 Rb2 47. g4 hxg3 48. Nxg3 Rxf4 49. Ra1 Rd4 50. Ra8 Rd1+ 51. Nf1 Ne4 52. Re8 Rbb1 0-1

[Event "EU-chT Seniors 50"]
[Site "Walbrzych"]
[Date "2018.04.20"]
[Round "7.4"]
[White "Sihvonen, Tuomo"]
[Black "Sazonova, Elena"]
[Result "0-1"]
[WhiteElo "1988"]
[BlackElo "2139"]
[PlyCount "70"]
[EventDate "2018.04.14"]
[EventType "team-swiss"]
[EventRounds "9"]
[EventCountry "POL"]
[SourceTitle "CBM 184 Extra"]
[Source "ChessBase"]
[SourceDate "2018.06.28"]
[SourceVersion "1"]
[SourceVersionDate "2018.06.28"]
[SourceQuality "1"]
[WhiteTeam "Finland Culture Chess 50"]
[BlackTeam "Russia (Women) 50"]
[WhiteTeamCountry "FIN"]
[BlackTeamCountry "RUS"]

1. e4 c5 2. Nf3 d6 3. Bb5+ Nd7 4. c3 a6 5. Ba4 g6 6. 0-0 Bg7 7. Re1 b5 8. Bc2 e5 9. d4 Qc7 10. Bg5 h6 11. Be3 Ngf6 12. h3 0-0 13. Nbd2 Bb7 14. Rc1 Nb6 15. Nh2 Nh5 16. dxc5 dxc5 17. Nb3 Na4 18. Rb1 c4 19. Nd2 Nc5 20. Qg4 Rad8 21. Qh4 Bf6 22. Qg4 Bc8 23. Qf3 Nf4 24. Ng4 Bg7 25. Bxc5 Qxc5 26. Nf1 h5 27. Nge3 Bb7 28. Red1 f5 29. Rxd8 Rxd8 30. Rd1 Qe7 31. Kh2 Nd3 32. Bxd3 cxd3 33. Nd2 fxe4 34. Qg3 Qf6 35. b3 Bh6 0-1

[Event "EU-chT Seniors 50"]
[Site "Walbrzych"]
[Date "2018.04.19"]
[Round "6.4"]
[White "Czyz, Andrzej"]
[Black "Sazonova, Elena"]
[Result "0-1"]
[WhiteElo "1999"]
[BlackElo "2139"]
[PlyCount "145"]
[EventDate "2018.04.14"]
[EventType "team-swiss"]
[EventRounds "9"]
[EventCountry "POL"]
[SourceTitle "CBM 184 Extra"]
[Source "ChessBase"]
[SourceDate "2018.06.28"]
[SourceVersion "1"]
[SourceVersionDate "2018.06.28"]
[SourceQuality "1"]
[WhiteTeam "Poland Wschowa 50"]
[BlackTeam "Russia (Women) 50"]
[WhiteTeamCountry "POL"]
[BlackTeamCountry "RUS"]

1. d4 Nf6 2. c4 d6 3. Nc3 e5 4. dxe5 dxe5 5. Qxd8+ Kxd8 6. Bg5 c6 7. Nf3 Nbd7 8. 0-0-0 Kc7 9. a3 a5 10. e3 Ne8 11. Bh4 f6 12. Bg3 a4 13. h4 h5 14. Be2 Nc5 15. Nd2 Nd6 16. e4 Ne6 17. Kb1 b6 18. Rc1 Nb7 19. Nd5+ cxd5 20. cxd5+ Nec5 21. Rhf1 Bd6 22. Rc3 Bd7 23. f3 Na5 24. Rfc1 Kb7 25. Bd1 Rhc8 26. Bf2 Rc7 27. g4 hxg4 28. fxg4 Rac8 29. Be3 Nd3 30. Rxc7+ Rxc7 31. Rxc7+ Kxc7 32. Kc2 Nf4 33. Kc3 Bb5 34. g5 fxg5 35. hxg5 Ne2+ 36. Kc2 Nc4 37. Nxc4 Bxc4 38. Kd2 Ng3 39. Kc3 Be2 40. Bxa4 Nxe4+ 41. Kc2 b5 42. Bb3 Be7 43. d6+ Kxd6 44. g6 Bg5 45. Ba7 Bc4 46. Bxc4 bxc4 47. b4 cxb3+ 48. Kxb3 Kc6 49. Bb8 Nd6 50. a4 Be3 51. a5 Bc5 52. a6 e4 53. a7 Kb7 54. Kc3 Nf5 55. Kc4 Bxa7 56. Be5 Kc6 57. Bf4 Bc5 58. Be5 Be3 59. Bb2 Nd6+ 60. Kc3 Kd5 61. Kc2 Nf5 62. Kd1 Bd4 63. Bc1 Nh4 64. Ke2 Nxg6 65. Bg5 Bf6 66. Bc1 Ne7 67. Ba3 Nf5 68. Bc1 g5 69. Kf2 g4 70. Bf4 Bd4+ 71. Kg2 e3 72. Kf1 Ke4 73. Bc7 0-1

[Event "Erfurt op (Women)"]
[Site "Erfurt"]
[Date "2017.07.31"]
[Round "2"]
[White "Sazonova, Elena"]
[Black "Hejazipour, Mitra"]
[Result "0-1"]
[WhiteElo "2102"]
[BlackElo "2351"]
[PlyCount "94"]
[EventDate "2017.07.31"]
[EventType "swiss"]
[EventRounds "9"]
[EventCountry "GER"]
[SourceTitle "CBM 179 Extra"]
[Source "ChessBase"]
[SourceDate "2017.08.23"]
[SourceVersion "1"]
[SourceVersionDate "2017.08.23"]
[SourceQuality "1"]

1. e4 c5 2. Nf3 d6 3. d4 cxd4 4. Nxd4 Nf6 5. Nc3 a6 6. f4 e5 7. Nf3 Qc7 8. a4 Nbd7 9. Bd3 Be7 10. Qe2 Nc5 11. 0-0 0-0 12. Kh1 Bd7 13. Be3 Rac8 14. Bd2 Rfe8 15. b4 Nxd3 16. cxd3 Qb8 17. Rfc1 h6 18. b5 a5 19. d4 exd4 20. Nxd4 Bd8 21. Qf3 Bb6 22. Be3 Rc4 23. Nb3 Bxe3 24. Qxe3 Nxe4 25. Nxe4 Rexe4 26. Qb6 Rxc1+ 27. Rxc1 Qe8 28. h3 Re3 29. Nxa5 Qe4 30. Qd8+ Be8 31. Qh4 Re2 32. Qg3 Bd7 33. Kg1 Be6 34. Qf3 Qd4+ 35. Kh2 Qd2 36. Rg1 Bd5 37. Qg4 h5 38. Qg5 f6 39. Qg6 Qxa5 40. Qxh5 Qd2 41. Qg4 Be6 42. f5 Bd5 43. a5 Re4 44. Qd1 Qf4+ 45. Kh1 Qxf5 46. Qd3 Qg5 47. Rd1 Re1+ 0-1

[Event "Wch Seniors 50 (Women) 26th"]
[Site "Marianske Lazne"]
[Date "2016.11.30"]
[Round "11"]
[White "Sazonova, Elena"]
[Black "Wagner Michel, Annett"]
[Result "1-0"]
[WhiteElo "2113"]
[BlackElo "2130"]
[PlyCount "137"]
[EventDate "2016.11.19"]
[EventType "swiss"]
[EventRounds "11"]
[EventCountry "CZE"]
[SourceTitle "CBM 175 Extra"]
[Source "ChessBase"]
[SourceDate "2016.12.12"]
[SourceVersion "1"]
[SourceVersionDate "2016.12.12"]
[SourceQuality "1"]

1. e4 c5 2. c3 d5 3. exd5 Qxd5 4. d4 Nc6 5. Nf3 Bg4 6. Nbd2 cxd4 7. Bc4 Qd7 8. Qb3 e6 9. cxd4 Bxf3 10. Nxf3 Bb4+ 11. Kf1 Nge7 12. Bb5 Bd6 13. Be3 0-0 14. g3 a6 15. Be2 Nd5 16. Kg2 Rae8 17. Rad1 b5 18. Rc1 Qb7 19. Rhf1 Na5 20. Qd1 Rc8 21. Rxc8 Rxc8 22. Bd3 Nb4 23. Bb1 Nc4 24. Bc1 Be7 25. Qe2 Nd6 26. Kg1 Qd5 27. b3 Qh5 28. Bd2 Nd5 29. Qd3 Nf5 30. Ne5 Nf6 31. Kg2 Bd6 32. Nf3 Ne7 33. h3 Qd5 34. Kh2 Ng6 35. Re1 Rd8 36. Ba5 Rc8 37. Bd2 Rd8 38. Rc1 h5 39. Bg5 e5 40. Bxf6 gxf6 41. Qf5 Kg7 42. Qxh5 a5 43. Qf5 a4 44. Be4 Qe6 45. Qxe6 fxe6 46. Bxg6 Kxg6 47. dxe5 fxe5 48. Kg2 Kf5 49. Re1 Rc8 50. Re2 axb3 51. axb3 Rc3 52. Nd2 Rc2 53. g4+ Kg6 54. Kf3 Rb2 55. h4 Bb4 56. Ne4 Rxb3+ 57. Re3 Rb1 58. h5+ Kf7 59. g5 Be7 60. Kg4 b4 61. Rf3+ Kg8 62. Rg3 Rh1 63. Rd3 Rg1+ 64. Ng3 Rc1 65. h6 Rc4+ 66. Kh5 Rf4 67. Rd7 Bf8 68. Kg6 Rxf2 69. Ne4 1-0

[Event "Wch Seniors 50 (Women) 26th"]
[Site "Marianske Lazne"]
[Date "2016.11.29"]
[Round "10"]
[White "Strutinskaya, Galina N"]
[Black "Sazonova, Elena"]
[Result "0-1"]
[WhiteElo "2266"]
[BlackElo "2113"]
[PlyCount "80"]
[EventDate "2016.11.19"]
[EventType "swiss"]
[EventRounds "11"]
[EventCountry "CZE"]
[SourceTitle "CBM 175 Extra"]
[Source "ChessBase"]
[SourceDate "2016.12.12"]
[SourceVersion "1"]
[SourceVersionDate "2016.12.12"]
[SourceQuality "1"]

1. c4 Nf6 2. Nc3 d6 3. d4 e5 4. Nf3 Nbd7 5. g3 g6 6. Bg2 Bg7 7. 0-0 0-0 8. b3 Re8 9. e4 exd4 10. Nxd4 Nc5 11. Re1 a5 12. f3 c6 13. Rb1 Nfd7 14. Be3 Ne5 15. Qd2 a4 16. Red1 axb3 17. axb3 Qc7 18. Qc2 f5 19. b4 Nxc4 20. Bf4 Ne6 21. Nxe6 Bxe6 22. Ra1 Rxa1 23. Rxa1 Qb6+ 24. Kh1 Qxb4 25. Rc1 Ra8 26. h4 b5 27. Ne2 Ra6 28. exf5 Bxf5 29. Qd1 Bb2 30. Rxc4 Qxc4 31. Qxd6 Ra1+ 32. Kh2 Qxe2 33. g4 Ba3 34. Qd8+ Kf7 35. gxf5 Ra2 36. fxg6+ hxg6 37. Qd7+ Be7 38. Qh3 Qxg2+ 39. Qxg2 Rxg2+ 40. Kxg2 Bxh4 0-1

[Event "Wch Seniors 50 (Women) 26th"]
[Site "Marianske Lazne"]
[Date "2016.11.28"]
[Round "9"]
[White "Sazonova, Elena"]
[Black "Ankudinova, Elena"]
[Result "0-1"]
[WhiteElo "2113"]
[BlackElo "2122"]
[PlyCount "132"]
[EventDate "2016.11.19"]
[EventType "swiss"]
[EventRounds "11"]
[EventCountry "CZE"]
[SourceTitle "CBM 175 Extra"]
[Source "ChessBase"]
[SourceDate "2016.12.12"]
[SourceVersion "1"]
[SourceVersionDate "2016.12.12"]
[SourceQuality "1"]

1. e4 g6 2. d4 Bg7 3. Nc3 a6 4. a4 d6 5. h3 Nd7 6. g3 b6 7. Bg2 Bb7 8. Nge2 e6 9. 0-0 Ne7 10. Bg5 h6 11. Be3 0-0 12. Qd2 Kh7 13. g4 c6 14. Ng3 Qc7 15. Rad1 b5 16. b3 b4 17. Nce2 a5 18. e5 d5 19. Rc1 Ba6 20. c3 Rab8 21. Rfe1 bxc3 22. Rxc3 Rb4 23. Nc1 Rfb8 24. f4 f6 25. exf6 Bxf6 26. Bf2 Qd6 27. Nge2 Rc8 28. Na2 Rb6 29. Qe3 Nf8 30. Rc5 Bxe2 31. Rxe2 Rcb8 32. Rc3 Qa3 33. Nc1 Rc8 34. Qd2 Rcb8 35. Qd3 Qd6 36. Qe3 Rb4 37. Rd2 Rc8 38. Na2 Rb7 39. Bf3 Qb8 40. Bd1 Kg8 41. Rc5 Ra7 42. Nc1 Qd6 43. Nd3 Nd7 44. Rc1 Rb7 45. Re2 Nf8 46. Be1 Ra7 47. b4 axb4 48. Bxb4 Qb8 49. Rb2 Qc7 50. Nc5 g5 51. Nxe6 gxf4 52. Nxc7 fxe3 53. Bxe7 Bxd4 54. Re2 Raxc7 55. Bd6 Rd7 56. Bf4 Re7 57. Bb3 Rf7 58. Bg3 Rd7 59. Bf4 Ba7 60. Kg2 Ng6 61. Bxe3 Re8 62. Rce1 Rde7 63. Kf2 Nf4 64. Bxa7 Nxe2 65. Bc5 Rf7+ 66. Kg2 Nf4+ 0-1

[Event "Satka Autumn op"]
[Site "Satka"]
[Date "2016.09.22"]
[Round "2"]
[White "Sazonova, Elena"]
[Black "Survilo, Alla"]
[Result "1-0"]
[WhiteElo "2154"]
[BlackElo "2003"]
[PlyCount "71"]
[EventDate "2016.09.21"]
[EventType "swiss"]
[EventRounds "9"]
[EventCountry "RUS"]
[SourceTitle "CBM 174 Extra"]
[Source "ChessBase"]
[SourceDate "2016.10.10"]
[SourceVersion "1"]
[SourceVersionDate "2016.10.10"]
[SourceQuality "1"]

1. e4 c5 2. Nf3 d6 3. d4 cxd4 4. Nxd4 Nf6 5. Nc3 a6 6. Be3 e5 7. Nb3 Be6 8. f3 Be7 9. Qd2 0-0 10. 0-0-0 Nbd7 11. g4 b5 12. Kb1 Nb6 13. g5 Nh5 14. Nd5 Nxd5 15. exd5 Bd7 16. Na5 Qc7 17. c4 bxc4 18. Bxc4 Rfb8 19. Nc6 Bxc6 20. dxc6 a5 21. Qc2 g6 22. Rc1 Ng7 23. h4 d5 24. Bxd5 Ba3 25. b3 Bxc1 26. Bxc1 a4 27. Bb2 axb3 28. axb3 Ra5 29. Rd1 Nf5 30. Qe4 Nd4 31. Rxd4 exd4 32. Qxd4 Kf8 33. Qg7+ Ke8 34. Qg8+ Ke7 35. Qxf7+ Kd6 36. Be5+ 1-0

[Event "Satka Autumn op"]
[Site "Satka"]
[Date "2016.09.21"]
[Round "1"]
[White "Mironenko, Galina"]
[Black "Sazonova, Elena"]
[Result "1/2-1/2"]
[WhiteElo "1734"]
[BlackElo "2154"]
[PlyCount "67"]
[EventDate "2016.09.21"]
[EventType "swiss"]
[EventRounds "9"]
[EventCountry "RUS"]
[SourceTitle "CBM 174 Extra"]
[Source "ChessBase"]
[SourceDate "2016.10.10"]
[SourceVersion "1"]
[SourceVersionDate "2016.10.10"]
[SourceQuality "1"]

1. b3 e5 2. Bb2 Nc6 3. e3 Nf6 4. Bb5 Bd6 5. Ne2 0-0 6. 0-0 a6 7. Bxc6 dxc6 8. f4 Qe7 9. c4 c5 10. Nbc3 Be6 11. Ng3 Rad8 12. f5 Bc8 13. Nh5 e4 14. Rb1 Nxh5 15. Qxh5 f6 16. Nd5 Qe8 17. Qg4 Be5 18. Bxe5 Qxe5 19. Qf4 Qxf4 20. Rxf4 Rf7 21. Rd1 Re8 22. g4 b6 23. Nc3 Bb7 24. d4 exd3 25. Rxd3 Rfe7 26. Kf2 Kf7 27. Ke2 Re5 28. h4 Bc6 29. a4 h6 30. h5 R8e7 31. Kf2 Re8 32. Ke2 R8e7 33. Kf2 Re8 34. Ke2 1/2-1/2